Pensejarahan Bahasa Melayu : beberapa pandangan awal
| Other Authors: | , |
|---|---|
| Format: | Book |
| Published: |
Kuala Lumpur :
DBP ,
1990
|
| Series: | Siri Monograf Sejarah Bahasa Melayu
|
| Subjects: |
MARC
| LEADER | 00000cam a2200000 7i4500 | ||
|---|---|---|---|
| 001 | 0000007121 | ||
| 002 | 000007664 | ||
| 005 | 20080111.0 | ||
| 020 | |a 9836216375 | ||
| 090 | 0 | 0 | |a 499.2809 |b PEN |
| 245 | 1 | 0 | |a Pensejarahan Bahasa Melayu : |b beberapa pandangan awal |c Zaiton Ab. Rahman dan Zaini Mohamed Zain |
| 260 | |a Kuala Lumpur : |b DBP , |c 1990 | ||
| 300 | |a 48p. ; |c 21cm. | ||
| 490 | 0 | |a Siri Monograf Sejarah Bahasa Melayu | |
| 650 | 0 | 0 | |a Malay |x History |
| 700 | 0 | |a Zaini Mohamed Zain | |
| 700 | 0 | |a Zaiton Ab. Rahman | |
| 999 | |a 024111 |b BUKU |c MALAYSIANA |e PERPUSTAKAAN KOMUNITI PETALING JAYA | ||